Manejo de áreas protegidos en los trópicos (Registro nro. 12839)
[ vista simple ]
| 000 -Cabecera | |
|---|---|
| Campo de control de longitud fija | 00696nam a22002657a 4500 |
| 005 - Fecha y hora de la última transacción | |
| Campo de control | 20250729163236.0 |
| 008 - Elementos de longitud fija--Información general | |
| Campo de control de longitud fija | 210106b1990 xxu||||| |||| 00| 0 spa d |
| 020 ## - International Standard Book Number | |
| Número Internacional Estándar del Libro (ISBN) | 288032808 |
| 041 ## - Idioma | |
| Código de idioma | Español |
| 082 ## - Clasificación Decimal Dewey | |
| Número de clasificación | 333.72 M274m |
| 100 ## - Entrada principal--Autor personal | |
| Nombre personal | Mackinnon, John |
| 245 ## - Título propiamente dicho | |
| Título | Manejo de áreas protegidos en los trópicos |
| 260 ## - Pie de imprenta | |
| Lugar de publicación, distribución, etc. | Costa Rica |
| 260 ## - Pie de imprenta | |
| Nombre del editor, distribuidor, etc. | IUON |
| 260 ## - Pie de imprenta | |
| Fecha de publicación, distribución, etc. | 1990 |
| 300 ## - Descripción física | |
| Extensión | 314 páginas |
| 490 ## - Serie | |
| Título de la Serie | Turismo |
| 500 ## - Nota general | |
| Nota general | Fotocopias |
| 650 ## - Materia general | |
| Temática (materia general) | ÁREAS PROTEGIDAS |
| 650 ## - Materia general | |
| Temática (materia general) | MANEJO DE ÁREAS PROTEGIDAS |
| 650 ## - Materia general | |
| Temática (materia general) | PLANIFICACIÓN |
| 650 ## - Materia general | |
| Temática (materia general) | COMUNICACIÓN PARA ÁREAS PROTEGIDAS |
| 650 ## - Materia general | |
| Temática (materia general) | EVALUACIÓN DE EFECTIVIDAD DEL MANEJO |
| 942 ## - Punto de acceso adicional KOHA | |
| Tipo de ítem KOHA | Libro |
| Fuente del sistema de clasificación o colocación | Dewey Decimal Classification |
| Signatura completa | Código de barras | Programa Académico | Tipo de ítem |
|---|---|---|---|
| 333.72 M274m | 2026 | Turismo | Libro |
| 333.72 M274m | 6101 | Turismo | Libro |